03720nam a2200301Ka 450000100100000000500170001000800410002702000150006802000180008304000250010109000200012610000460014624502260019226000430041830000280046149000310048950000580052050000740057850400540065250520100070650504290271670000480314570000340319370000350322783000370326295201040329999900150340300000158020200929145627.0090623s2000 ve 001 0 spa d a9802763217 a9789802763214 aDO-SdBNPbspacBNPHU aVE 861.44bL4311 aLazo Martí, Francisco,d1869-19099517210aPoesía /cFrancisco Lazo Martí ; selección José Ramón Medina, Carlos César Rodríguez ; prólogo y cronología Carlos César Rodríguez ; bibliografía María Beatriz Medina, Carlos César Rodríguez. aCaracas :bBiblioteca Ayacucho,c2000. axliii, 103 p. ;c25 cm.1 aBiblioteca Ayacucho ;v219 aIncluye cronología biográfica del autor: p. 89-98 aPublicación en homenaje al centenario de Silva Criolla (1901-2001). aIncluye referencias bibliográficas : p. 101-1040 aPrólogo / Carlos César Rodríguez -- Criterio de esta edición -- Silva Criolla a un bardo amigo -- Crepusculares -- En estas horas crepusculares -- Cielo azul, verde pampa, claro río -- A través del discreto claro-oscuro -- "Mira" -le dijo-, y bosquejó su dedo -- En amar un color cifras tu anhelo -- Hermanos por costumbre un tiempo fuimos -- Unos aman tus ojos por que dicen -- Ya no vienen a ti los que de hinojos -- Blanca y pulida la combada frente -- Cuando a mirarla revolví mis huellas -- Baja la gota sobre el estambre -- Queriendo alegre celebrar sus bodas -- "Nos vamos a casar", dice Maruja -- ¡Escúchame, aquí estoy! del rayo herido -- Milagro del amor, sobre los nidos -- ¡Tú sufres, mi esperanza! De tu duelo -- ¡Oh cuánta luz en los cristianos templos! -- No sabe el corazón porque palpita -- Posan de nuevo en el playón lejano -- ¡Nadie clamó piedad! rudo y violento -- Aquí, junto a las aguas del recodo -- Detrás: la margen del sagrado río -- Por ley eterna que el amor combina -- ¿Por qué te quejas de que el sol airado -- El mundo es el gran circo sin salida -- Por fuerza inmaterial que amor entraña -- En las ramas del verde limonero -- Nadie en lo firme del peñasco crea -- Rubio niño del mórbido contorno -- No hay tálamo más bello que esa rama -- Rimó de su pasión versos divinos -- Símbolo de piedad, en las quebradas -- A la mano implacable que le acosa -- Todo queda a la postre confundido -- Cuando todo es tinieblas en el cielo -- ¡Tres años han pasado! Y siempre viste -- Hay seres triste que el dolor abate -- Hay tristezas que viven en la sombra -- En luz crepuscular ya se amortaja -- Por pena impuesta a mi primer delito -- La vida es el contraste. No me asombra -- La vida inagotable de sus dones -- En vano es el ardor a que se entrega -- Tu fanal es virtud. El fanal tuyo -- Cada vez que resuelto he descendido -- ¡Tu vida, trovador, breve termina! -- OTROS POEMAS -- Vespertina -- Almas en pena -- ...0 a... Visión postrera -- Cual orores maduros -- Amor sorprendido -- Flor del camino -- Consuelo -- Acuarela -- Flor de pascua -- Fidelidad -- Himno eterno -- ¡Oh noche! -- Melancolía -- Hojas de hiedra -- Crepúsculo -- Canción de las olas -- La bandera de la patria -- Veguera -- Estival -- De primavera -- Invierno -- Patria la mestiza -- Destinos : I.El Coleador -- II.El Cantador -- Cronología -- Bibliografía.1 aRodríguez, Carlos César,epról.951731 aMedina, José Ramón.951741 aMedina, María Beatriz.95175 0aBiblioteca Ayacucho ;n21995176 001050718MOaGRbGRcHDd2009-09-22iLF1l0o p1580-10r2020-06-25w2020-06-25y1ZNo se presta c1476d1476